书目信息 |
| 题名: |
2005年一级建造师执业资格考试铁路工程管理与实务复习要点·题库·案例
|
|
| 作者: | 李东升 主编 | |
| 分册: | ||
| 出版信息: | 天津 天津大学出版社 2005.02 |
|
| 页数: | 180页 | |
| 开本: | 26cm | |
| 丛书名: | ||
| 单 册: | ||
| 中图分类: | U215 | |
| 科图分类: | ||
| 主题词: | 铁路线路--铁路工程 | |
| 电子资源: | ||
| ISBN: | 7-5618-2095-X | |
| 000 | 00789nam0 2200217 450 | |
| 001 | 0775217038 | |
| 005 | 20071221205512.07 | |
| 010 | @a7-5618-2095-X@dCNY24.00 | |
| 100 | @a20071221d2005 km y0chiy0120 ea | |
| 101 | 0 | @achi |
| 102 | @aCN@b120000 | |
| 200 | 1 | @a2005年一级建造师执业资格考试铁路工程管理与实务复习要点·题库·案例@A2005 nian yi ji jian zao shi zhi ye zi ge kao shi tie lu gong cheng guan li yu shi wu fu xi yao dian·ti ku·an li@f李东升主编@Fli dong sheng zhu bian |
| 210 | @a天津@c天津大学出版社@d2005.02 | |
| 215 | @a180页@d26cm | |
| 300 | @a全国一级建造量考试指导书 | |
| 606 | 0 | @a铁路线路@x铁路工程 |
| 690 | @aU215@v4 | |
| 701 | 0 | @a李东升@Ali dong sheng@4主编 |
| 801 | 0 | @aCN@b大连网信软件有限公司图书馆@c20071221 |
| 905 | @aBZT@dU215@e1 | |
| 906 | @dCNY24.00@n0@r1 | |
| 2005年一级建造师执业资格考试铁路工程管理与实务复习要点·题库·案例/李东升主编.-天津:天津大学出版社,2005.02 |
| 180页;26cm |
| 全国一级建造量考试指导书 |
| ISBN 7-5618-2095-X:CNY24.00 |
| ● |
| 相关链接 |
|
|
|
正题名:2005年一级建造师执业资格考试铁路工程管理与实务复习要点·题库·案例
索取号:U215/1
 
预约/预借
| 序号 | 登录号 | 条形码 | 馆藏地/架位号 | 状态 | 备注 |
| 1 | 635205 | 2000635205 | 中心书库北库/ 北库040架A面4列4层54/ [索取号:U215/1] | 在馆 | |
| 2 | 635206 | 2000635206 | 中心书库北库/ 北库040架A面4列4层55/ [索取号:U215/1] | 在馆 | |
| 3 | 635207 | 2000635207 | 中心书库北库/ 北库040架A面4列4层57/ [索取号:U215/1] | 在馆 | |
| 4 | 635208 | 2000635208 | 中心书库北库/ 北库040架A面4列4层48/ [索取号:U215/1] | 在馆 | |
| 5 | 635209 | 2000635209 | 中心书库北库/ 北库040架A面4列4层49/ [索取号:U215/1] | 在馆 | |
| 6 | 635210 | 2000635210 | 中心书库北库/ 北库040架A面4列4层50/ [索取号:U215/1] | 在馆 | |
| 7 | 635211 | 2000635211 | 中心书库北库/ 北库040架A面4列4层56/ [索取号:U215/1] | 在馆 | |
| 8 | 635212 | 2000635212 | 中心书库北库/ 北库040架A面4列4层51/ [索取号:U215/1] | 在馆 | |
| 9 | 635213 | 2000635213 | 中心书库北库/ 北库040架A面4列4层52/ [索取号:U215/1] | 在馆 | |
| 10 | 635214 | 2000635214 | 中心书库北库/ 北库040架A面4列4层53/ [索取号:U215/1] | 在馆 |